Catálogo
 En Linea

Actividad y territorio : (Registro nro. 3560)

Detalles MARC
000 -CABECERA
campo de control de longitud fija 00811nam a2200217 u 4500
001 - NÚMERO DE CONTROL
campo de control 000003738
005 - FECHA Y HORA DE LA ÚLTIMA TRANSACCIÓN
campo de control 20200929150542.0
008 - DATOS DE LONGITUD FIJA--INFORMACIÓN GENERAL
campo de control de longitud fija 090713s2007 dr r 000 0 spa d
040 ## - FUENTE DE LA CATALOGACIÓN
Centro catalogador/agencia de origen DO-SdBNP
Lengua de catalogación spa
Centro/agencia transcriptor BNPHU
082 ## - NÚMERO DE LA CLASIFICACIÓN DECIMAL DEWEY
Número de clasificación xxx
100 1# - ENTRADA PRINCIPAL--NOMBRE DE PERSONA
Nombre de persona Azagra Ros, Joaquín
9 (RLIN) 11378
245 10 - MENCIÓN DE TÍTULO
Título Actividad y territorio :
Resto del título un siglo de cambios /
Mención de responsabilidad, etc. Joaquín Azagra Ros; Pilar Chorén Rodríqguez; dirigido por Francisco J. Goerlich Gisbert y Matilde Mas Ivars.
260 ## - PUBLICACIÓN, DISTRIBUCIÓN, ETC.
Lugar de publicación, distribución, etc. Bilbao :
Nombre del editor, distribuidor, etc. Fundación BBVA,.
300 ## - DESCRIPCIÓN FÍSICA
Extensión 3336p. :
Otras características físicas il. ;
Dimensiones 24 cm.
500 ## - NOTA GENERAL
Nota general Incluye índice
500 ## - NOTA GENERAL
Nota general Incluye notas sbre los autores
500 ## - NOTA GENERAL
Nota general Incluye notasal pie de páginas
700 0# - PUNTO DE ACCESO ADICIONAL--NOMBRE DE PERSONA
Nombre de persona Chorén Rodríguez, Pilar
9 (RLIN) 11379
700 0# - PUNTO DE ACCESO ADICIONAL--NOMBRE DE PERSONA
Nombre de persona Goerlich Gisbert, Francisco J.
Término indicativo de función/relación dirigido
9 (RLIN) 11380
700 0# - PUNTO DE ACCESO ADICIONAL--NOMBRE DE PERSONA
Nombre de persona Mas Ivars, Matilde
Término indicativo de función/relación dirigido
9 (RLIN) 11381
Existencias
Estado de retiro Estado de pérdida No para préstamo Código de colección Localización permanente Ubicación/localización actual Ubicación en estantería Fecha de adquisición Número de inventario Total de préstamos Signatura topográfica completa Código de barras Fecha visto por última vez Precio válido a partir de Tipo de ítem Koha
    Excluido de préstamo Patrimonio Dominicano General General En catalogación 13.07.2009 LF1   xxx 3738-10 25.06.2020 25.06.2020 Libro y Folleto Colección Patrimonio Dominicano

Con tecnología Koha